[Event "Collado Villalba 64 op 4th"]
[Site "Collado Villalba"]
[Date "2016.07.22"]
[Round "6"]
[White "Hernando Pertierra, Jose Carlos"]
[Black "Lacaci Otero, Ivan"]
[Result "1-0"]
[WhiteElo "2371"]
[BlackElo "1783"]
[PlyCount "63"]
[EventDate "2016.07.17"]
[EventType "swiss"]
[EventRounds "9"]
[EventCountry "ESP"]
[SourceTitle "EXT 2017"]
[Source "ChessBase"]
[SourceDate "2016.10.25"]
[SourceVersion "1"]
[SourceVersionDate "2016.10.25"]
[SourceQuality "1"]

1. Nf3 g6 2. d4 Bg7 3. g3 d6 4. Bg2 Nd7 5. e4 e5 6. dxe5 dxe5 7. 0-0 Ngf6 8. Nc3 0-0 9. a4 a5 10. Re1 Re8 11. b3 c6 12. Ba3 Qb6 13. Nd2 Bf8 14. Bxf8 Nxf8 15. Nc4 Qb4 16. Na2 Qc5 17. Qd6 Qxd6 18. Nxd6 Rd8 19. Rad1 Rb8 20. Nc4 Rxd1 21. Rxd1 Be6 22. Nxe5 N8d7 23. Nd3 b5 24. Nc3 b4 25. Ne2 c5 26. Ndf4 Nf8 27. f3 Rc8 28. Nxe6 Nxe6 29. Bh3 Kf8 30. e5 Ne8 31. Nf4 Rd8 32. Nxe6+ 1-0

[Event "Guadalajara-chT"]
[Site "Guadalajara"]
[Date "2016.01.30"]
[Round "2.3"]
[White "Lacaci Otero, Ivan"]
[Black "Romero Moreno, Vicente"]
[Result "0-1"]
[WhiteElo "1731"]
[BlackElo "1600"]
[PlyCount "98"]
[EventDate "2016.01.23"]
[EventType "team-tourn"]
[EventRounds "9"]
[EventCountry "ESP"]
[SourceTitle "EXT 2017"]
[Source "ChessBase"]
[SourceDate "2016.10.25"]
[SourceVersion "1"]
[SourceVersionDate "2016.10.25"]
[SourceQuality "1"]
[WhiteTeam "Bar el Mambru"]
[BlackTeam "Uned Guadalajara"]
[WhiteTeamCountry "ESP"]
[BlackTeamCountry "ESP"]

1. Nf3 c5 2. g3 Nc6 3. Bg2 e6 4. 0-0 Be7 5. d3 Qc7 6. e4 Nf6 7. Re1 d6 8. c3 0-0 9. d4 Rd8 10. Qe2 cxd4 11. cxd4 d5 12. Bf4 Qa5 13. e5 Ne4 14. Nbd2 Nxd2 15. Bxd2 Bb4 16. Bxb4 Qxb4 17. Red1 Bd7 18. Rac1 Rac8 19. Bf1 a6 20. Rc3 Na5 21. Rdc1 Rxc3 22. Rxc3 Bb5 23. Qd2 Bxf1 24. Rc8 Qf8 25. Rxd8 Qxd8 26. Kxf1 Qc7 27. b3 h6 28. Ne1 Nc6 29. Ke2 Qb6 30. Ke3 Nxe5 31. Qc3 Qc6 32. Qc5 Ng4+ 33. Kf4 Nxf2 34. Qxc6 bxc6 35. Nc2 a5 36. Ke5 Ne4 37. a4 c5 38. dxc5 Nxc5 39. Nd4 Kf8 40. Kd6 Ne4+ 41. Ke5 Nd2 42. Kd6 Ke8 43. h3 Ne4+ 44. Ke5 Kd7 45. Ne2 Nc5 46. Nc1 f6+ 47. Kd4 Kd6 48. Kc3 Ne4+ 49. Kd3 Nxg3 0-1

[Event "Madrid Oliver Gonzalez Memorial-B 4th"]
[Site "Madrid"]
[Date "2015.10.10"]
[Round "1"]
[White "Tateo, Ida"]
[Black "Lacaci Otero, Ivan"]
[Result "0-1"]
[WhiteElo "1276"]
[BlackElo "1703"]
[PlyCount "30"]
[EventDate "2015.10.10"]
[EventType "swiss"]
[EventRounds "9"]
[EventCountry "ESP"]
[SourceTitle "EXT 2019"]
[Source "ChessBase"]
[SourceDate "2018.10.10"]
[SourceVersion "1"]
[SourceVersionDate "2018.10.10"]
[SourceQuality "1"]

1. e4 d6 2. d4 Nf6 3. Nc3 g6 4. Nf3 Bg7 5. h3 0-0 6. Be3 c6 7. Qd2 Re8 8. Bh6 Bh8 9. 0-0-0 Qa5 10. Kb1 b5 11. Bd3 e5 12. d5 b4 13. Bc4 bxc3 14. Qxc3 Qxc3 15. bxc3 Nxe4 0-1

[Event "Madrid-ch"]
[Site "Madrid"]
[Date "2014.02.08"]
[Round "3"]
[White "Lacaci Otero, Ivan"]
[Black "Melcon Mediavilla, Rodrigo"]
[Result "1/2-1/2"]
[WhiteElo "1728"]
[BlackElo "1446"]
[PlyCount "96"]
[EventDate "2014.02.06"]
[EventType "swiss"]
[EventRounds "9"]
[EventCountry "ESP"]
[SourceTitle "CBM 159 Extra"]
[Source "ChessBase"]
[SourceDate "2014.04.24"]
[SourceVersion "1"]
[SourceVersionDate "2014.04.24"]
[SourceQuality "1"]

1. e4 c5 2. Nf3 g6 3. Nc3 Nc6 4. Bb5 a6 5. Bxc6 bxc6 6. d4 cxd4 7. Qxd4 Nf6 8. e5 Nh5 9. e6 f6 10. exd7+ Qxd7 11. Qxd7+ Bxd7 12. 0-0 c5 13. Nd5 Ra7 14. Bd2 Rb7 15. Rab1 Bc6 16. Nc3 e5 17. Rfe1 g5 18. Ne4 Be7 19. Bc3 0-0 20. Rbd1 Rd7 21. Rxd7 Bxd7 22. Rd1 Bc6 23. Nd6 Rd8 24. Nxe5 fxe5 25. Bxe5 Bxd6 26. Rxd6 Rxd6 27. Bxd6 Be4 28. Bxc5 Bxc2 29. f3 Nf4 30. Be3 h6 31. h4 Bd1 32. hxg5 hxg5 33. Kf2 Kf7 34. Kg3 Kf6 35. Bxf4 gxf4+ 36. Kxf4 Bc2 37. g4 a5 38. b3 Bd1 39. Kg3 Ke5 40. f4+ Ke4 41. f5 Ke5 42. Kh4 Kf6 43. Kh5 Bc2 44. Kh4 Bxf5 45. gxf5 Kxf5 46. Kg3 Ke4 47. Kf2 Kd3 48. Ke1 Kc2 1/2-1/2

[Event "Mostoles op 6th"]
[Site "Mostoles"]
[Date "2013.07.22"]
[Round "7"]
[White "Lacaci Otero, Ivan"]
[Black "Sanchez Naranjo, Jose Manuel"]
[Result "0-1"]
[WhiteElo "1708"]
[BlackElo "2117"]
[PlyCount "54"]
[EventDate "2013.07.16"]
[EventType "swiss"]
[EventRounds "9"]
[EventCountry "ESP"]
[SourceTitle "EXT 2014"]
[Source "ChessBase"]
[SourceDate "2013.11.20"]
[SourceVersion "1"]
[SourceVersionDate "2013.11.20"]
[SourceQuality "1"]

1. e4 c5 2. Nf3 e6 3. d4 cxd4 4. Nxd4 a6 5. Nc3 Qc7 6. Be3 Nc6 7. f3 b5 8. Bd3 Bb7 9. Qd2 Nf6 10. g4 Nxd4 11. Bxd4 e5 12. Be3 Bb4 13. a3 Bxc3 14. bxc3 0-0 15. a4 d5 16. g5 Nh5 17. Rg1 Nf4 18. h4 Rad8 19. Bxf4 exf4 20. Rg4 dxe4 21. fxe4 Bxe4 22. Rxf4 Bxd3 23. cxd3 Rxd3 24. Qxd3 Qxf4 25. Qd4 Re8+ 26. Kd1 Qf1+ 27. Kc2 Qxa1 0-1

[Event "Madrid Gredos San Diego op"]
[Site "Madrid"]
[Date "2013.04.27"]
[Round "3"]
[White "Sanchez Astillero, Manuel"]
[Black "Lacaci Otero, Ivan"]
[Result "0-1"]
[WhiteElo "1633"]
[BlackElo "1694"]
[PlyCount "76"]
[EventDate "2013.04.25"]
[EventType "swiss"]
[EventRounds "5"]
[EventCountry "ESP"]
[SourceTitle "EXT 2015"]
[Source "ChessBase"]
[SourceDate "2014.11.20"]
[SourceVersion "1"]
[SourceVersionDate "2014.11.20"]
[SourceQuality "1"]

1. d4 Nf6 2. Nf3 c5 3. c4 g6 4. e3 Bg7 5. Bd3 0-0 6. 0-0 cxd4 7. exd4 d5 8. Be3 Bg4 9. Nbd2 Nc6 10. h3 dxc4 11. Bxc4 Bf5 12. Nb3 Nb4 13. Nh4 Be4 14. Nd2 Bc6 15. a3 Nbd5 16. Nhf3 Nxe3 17. fxe3 Nd5 18. Bxd5 Qxd5 19. Rb1 e5 20. Rf2 exd4 21. e4 Qb5 22. Kh1 Rfe8 23. e5 Bxe5 24. Nxe5 Qxe5 25. Nf3 Qf5 26. Kg1 Bxf3 27. Rxf3 Qe4 28. Qf1 f5 29. Rc1 Rac8 30. Rc4 Kg7 31. b3 Rxc4 32. Qxc4 Qe1+ 33. Kh2 Qe5+ 34. Kg1 Re7 35. Rf1 Rc7 36. Qd3 Qe3+ 37. Qxe3 dxe3 38. Re1 f4 0-1

[Event "Madrid-ch sf-B"]
[Site "Madrid"]
[Date "2013.03.22"]
[Round "6"]
[White "Lacaci Otero, Ivan"]
[Black "Camarero Izquierdo, Juan Carlos"]
[Result "0-1"]
[WhiteElo "1694"]
[BlackElo "1934"]
[PlyCount "92"]
[EventDate "2013.03.07"]
[EventType "swiss"]
[EventRounds "9"]
[EventCountry "ESP"]
[SourceTitle "CBM 153 Extra"]
[Source "ChessBase"]
[SourceDate "2013.04.22"]
[SourceVersion "1"]
[SourceVersionDate "2013.04.22"]
[SourceQuality "1"]

1. e4 c5 2. Nf3 d6 3. d4 cxd4 4. Nxd4 Nf6 5. Nc3 a6 6. Bc4 b5 7. Bb3 Bb7 8. f3 Nbd7 9. g4 Nb6 10. g5 Nfd7 11. Be3 Ne5 12. f4 Nec4 13. Bxc4 Nxc4 14. Bc1 e6 15. b3 Nb6 16. Qd3 Be7 17. h4 0-0 18. Be3 Nd7 19. h5 Nc5 20. Qd2 b4 21. Nce2 Nxe4 22. Qxb4 Nf2 23. Qxb7 Nxh1 24. Qxh1 e5 25. Nf5 exf4 26. Nxe7+ Qxe7 27. Bxf4 Rfe8 28. Qf3 d5 29. Kd2 d4 30. Nxd4 Rad8 31. Be3 Qb4+ 32. c3 Qa3 33. Kc2 a5 34. Bc1 Qc5 35. Be3 Rc8 36. c4 a4 37. Nf5 Qe5 38. Rd1 axb3+ 39. axb3 Ra8 40. Bd4 Qh2+ 41. Kc3 Ra2 42. Nd6 Qxd6 43. Rf1 Qe6 44. h6 Rh2 45. Qf5 Rh3+ 46. Rf3 Qxf5 0-1

[Event "Madrid-ch prel-B"]
[Site "Madrid"]
[Date "2012.02.03"]
[Round "2.4"]
[White "Largo Barbero, Benito"]
[Black "Lacaci Otero, Ivan"]
[Result "1-0"]
[WhiteElo "1845"]
[BlackElo "1666"]
[PlyCount "67"]
[EventDate "2012.02.02"]
[EventType "swiss"]
[EventRounds "9"]
[EventCountry "ESP"]
[SourceTitle "EXT 2024"]
[Source "ChessBase"]
[SourceDate "2023.10.10"]
[SourceVersion "1"]
[SourceVersionDate "2023.10.10"]
[SourceQuality "1"]

1. e4 c5 2. Nc3 d6 3. g3 Nf6 4. Bg2 e6 5. f4 Nc6 6. d3 Be7 7. Nf3 Nd7 8. 0-0 0-0 9. g4 f5 10. g5 Nb6 11. Ne2 e5 12. fxe5 fxe4 13. dxe4 dxe5 14. Qxd8 Rxd8 15. c3 Bg4 16. h3 Bxf3 17. Rxf3 Rd1+ 18. Rf1 Rad8 19. Ng3 g6 20. Bf3 R1d3 21. Kg2 R3d6 22. Be2 c4 23. Be3 Na5 24. Bg4 Nc6 25. Be2 Na5 26. Rf2 Nd7 27. b4 cxb3 28. axb3 Nc6 29. Bc4+ Kh8 30. Rf7 Rf8 31. Raf1 Nd8 32. Rxe7 Rxf1 33. Nxf1 Nc6 34. Re8+ 1-0

[Event "Madrid-ch prel-B"]
[Site "Madrid"]
[Date "2012.02.02"]
[Round "1.5"]
[White "Lacaci Otero, Ivan"]
[Black "Rodriguez del Pino, Daniel"]
[Result "1-0"]
[WhiteElo "1666"]
[BlackElo "1913"]
[PlyCount "79"]
[EventDate "2012.02.02"]
[EventType "swiss"]
[EventRounds "9"]
[EventCountry "ESP"]
[SourceTitle "EXT 2024"]
[Source "ChessBase"]
[SourceDate "2023.10.10"]
[SourceVersion "1"]
[SourceVersionDate "2023.10.10"]
[SourceQuality "1"]

1. e4 c5 2. Nf3 d6 3. d4 cxd4 4. Nxd4 Nf6 5. Nc3 a6 6. Be3 Ng4 7. Bg5 h6 8. Bh4 g5 9. Bg3 Bg7 10. h3 Ne5 11. Qd2 Nbc6 12. Nb3 Be6 13. Nd5 b5 14. c3 Rc8 15. h4 g4 16. Rd1 Na5 17. Bxe5 Bxe5 18. Nd4 Bxd5 19. exd5 e6 20. g3 Qf6 21. Bg2 Nc4 22. Qe2 Bxd4 23. Rxd4 Ne5 24. Rf4 Qg6 25. 0-0 h5 26. dxe6 Qxe6 27. Rd1 0-0 28. Be4 Rc4 29. Bd5 Nf3+ 30. Bxf3 gxf3 31. Qxf3 Rxf4 32. Qxf4 Qe2 33. Rxd6 Qg4 34. Qxg4+ hxg4 35. Rd4 f5 36. a4 Kg7 37. axb5 axb5 38. Rd7+ Kg6 39. Rb7 Re8 40. Rxb5 1-0